Central Library OPAC University of Rajshahi

India's independence and social revolution / (Record no. 64251)

MARC details
000 -LEADER
fixed length control field 00782nam a2200253 a 4500
001 - CONTROL NUMBER
control field 64251
003 - CONTROL NUMBER IDENTIFIER
rucl marc code BD-RjUL
005 - DATE AND TIME OF LATEST TRANSACTION
control field 20211209081303.0
008 - FIXED-LENGTH DATA ELEMENTS--GENERAL INFORMATION
fixed length control field 170212r1984 ii ||||| |||| 001 0 eng d
020 ## - INTERNATIONAL STANDARD BOOK NUMBER
International Standard Book Number 0706926536
035 ## - SYSTEM CONTROL NUMBER
System control number (BD-RjUL)64381
040 ## - CATALOGING SOURCE
Original cataloging agency BD-RjUL
Language of cataloging eng
Transcribing agency BD-RjUL
Modifying agency BD-RjUL
041 ## - LANGUAGE CODE
Language code of text/sound track or separate title eng
082 ## - DEWEY DECIMAL CLASSIFICATION NUMBER
Edition number 23
Classification number 954.042
Author mark and year NEI 1984
100 1# - MAIN ENTRY--PERSONAL NAME
Personal name Nehru, Jawaharlal
9 (RLIN) 190814
245 ## - TITLE STATEMENT
Title India's independence and social revolution /
Statement of responsibility, etc. Jawaharlal Nehru; Indira Gandhi
260 ## - PUBLICATION, DISTRIBUTION, ETC. (IMPRINT)
Place of publication, distribution, etc. New Delhi :
Name of publisher, distributor, etc. Vikas,
Date of publication, distribution, etc. 1984.
300 ## - PHYSICAL DESCRIPTION
Pagination 162 p. :
Illustrations ill. ;
Size 23 cm
500 ## - GENERAL NOTE
General note Includes index
600 ## - SUBJECT ADDED ENTRY--PERSONAL NAME
Personal name Nehru, Jawaharlal,
Dates associated with a name 1889-1964
651 ## - SUBJECT ADDED ENTRY--GEOGRAPHIC NAME
Geographic name India
General subdivision Politics and government
Chronological subdivision 20th century.
9 (RLIN) 176345
700 ## - ADDED ENTRY--PERSONAL NAME
Personal name Gandhi, Indira
942 ## - ADDED ENTRY ELEMENTS (KOHA)
Source of classification or shelving scheme Dewey Decimal Classification
Koha item type Books
Holdings
Lost status Source of classification or shelving scheme Damaged status Not for loan Collection code Permanent Location Current Location Shelving location Date acquired Source of acquisition Cost, normal purchase price Total Checkouts Full call number Date last seen Copy number Koha item type
  Dewey Decimal Classification   Not For Loan Non-fiction Central Library, University of Rajshahi Central Library, University of Rajshahi Reading Room 07/10/1988 uniliver limited, Dhaka 100.00   954.042 NEI 1984 12/02/2017 C-1 Books